|
|
|
|
| LEADER |
00946nam a2200205 u 4500 |
| 001 |
10060164 |
| 003 |
GR-PaULI |
| 005 |
20230228083738.0 |
| 008 |
070316s1971 gr gre |
| 952 |
|
|
|0 0
|1 0
|2 ddc
|4 0
|6 885_010000000000000_ΚΟΚ
|7 0
|9 369233
|a LISP
|b LISP
|c DON
|d 2023-02-28
|e ΠΑΤ
|i 253138
|l 0
|o 885.01 ΚΟΚ
|p 025000285944
|r 2023-02-28 00:00:00
|t 1
|w 2023-02-28
|y BKN
|
| 999 |
|
|
|c 215785
|d 215785
|
| 040 |
|
|
|a GR-PaULI
|c GR-PaULI
|b gre
|e AACR2
|
| 082 |
0 |
4 |
|a 885.01
|2 23
|
| 100 |
|
|
|a Κοκολάκης, Μίνως Μ.
|d 1917-
|9 162009
|e συγγραφέας.
|
| 245 |
1 |
2 |
|a Ο Ισοκράτους "Ευαγόρας" και η χρονολόγησις των κυπριακών λόγων /
|b
|c Μίνωος Μ. Κοκολάκη.
|
| 260 |
|
|
|a Αθήναι :
|b [χ.ό.],
|c 1971.
|
| 300 |
|
|
|a 16 σ. ;
|b
|c 24 εκ.
|
| 600 |
|
4 |
|9 77533
|a Ισοκράτης,
|d 436-338
|x Ερμηνεία και κριτική.
|
| 942 |
|
|
|2 ddc
|c BK
|
| 998 |
|
|
|c ΜΠΟΥΡΑΣ
|d 2023-02
|